Python for Data Analysis Data Wrangling with Pandas, Numpy and jupter (Record no. 13515)

MARC details
000 -LEADER
fixed length control field 00440nam a22001697a 4500
003 - CONTROL NUMBER IDENTIFIER
control field OSt
008 - FIXED-LENGTH DATA ELEMENTS--GENERAL INFORMATION
fixed length control field 220920b ||||| |||| 00| 0 eng d
020 ## - INTERNATIONAL STANDARD BOOK NUMBER
International Standard Book Number 9789355421906
082 ## - DEWEY DECIMAL CLASSIFICATION NUMBER
Classification number 005.133 MCP
100 ## - MAIN ENTRY--PERSONAL NAME
Personal name MCKINNEY, Wes
245 ## - TITLE STATEMENT
Title Python for Data Analysis Data Wrangling with Pandas, Numpy and jupter
250 ## - EDITION STATEMENT
Edition statement 3rd Ed
260 ## - PUBLICATION, DISTRIBUTION, ETC. (IMPRINT)
Place of publication, distribution, etc Mumbai
Name of publisher, distributor, etc SPD
Date of publication, distribution, etc 2022
300 ## - PHYSICAL DESCRIPTION
Extent 561
650 ## - SUBJECT ADDED ENTRY--TOPICAL TERM
Topical term or geographic name as entry element Python for Data Analysis
942 ## - ADDED ENTRY ELEMENTS (KOHA)
Source of classification or shelving scheme Dewey Decimal Classification
Koha item type Text Books
Holdings
Withdrawn status Lost status Source of classification or shelving scheme Damaged status Not for loan Collection code Home library Current library Date acquired Source of acquisition Currency Cost, normal purchase price Bill Number Total Checkouts Full call number Acc. no. / Barcode Date last seen Actual Cost, discounted price Bill Date Koha item type Checked out Date last borrowed
    Dewey Decimal Classification     MCA PIET C-LIBRARY PIET C-LIBRARY 02/05/2025 Zaffa Books INR 1800.00 ZBD0092   005.133 MCP 39585 05/05/2025 1350.00 02/05/2025 Reference Books    
    Dewey Decimal Classification     MCA PIET C-LIBRARY PIET C-LIBRARY 02/05/2025 Zaffa Books INR 1800.00 ZBD0092 2 005.133 MCP 39586 29/01/2026 1350.00 02/05/2025 Text Books 17/08/2026 29/01/2026

Design & Developed by: PIET Central Library
R70 Miles Stone Pattikalyana Samalkha Panipat 132102
mail ID :- [email protected], Phone No:- 0180-2569700 Ex.216